| Tag |
First Indicator |
Second Indicator |
Subfields |
| LEADER |
00000pam a2200000 a 4500 |
| 001 |
in00000086111 |
| 005 |
20151008064449.0 |
| 008 |
810820s1982 enka b 00100 eng |
| 010 |
|
|
|a 81013059
|
| 020 |
|
|
|a 0471100218 :
|c $65.00 (est.)
|
| 035 |
|
|
|a (OCoLC)07739714
|
| 035 |
|
|
|9 AAK4222AM
|
| 039 |
0 |
|
|a 2
|b 3
|c 3
|d 3
|e 3
|
| 040 |
|
|
|a DLC
|c DLC
|d TXA
|d UtOrBLW
|
| 049 |
|
|
|a TXAM
|c [1362032]
|
| 050 |
0 |
0 |
|a HG4012
|b .F54
|
| 082 |
0 |
|
|a 658.1/5/0724
|2 19
|
| 245 |
0 |
0 |
|a Financial modelling in corporate management /
|c edited by James W. Bryant.
|
| 264 |
|
1 |
|a Chichester [England] ;
|a New York :
|b J. Wiley,
|c [1982]
|
| 264 |
|
4 |
|c ©1982
|
| 300 |
|
|
|a xiv, 455 pages :
|b illustrations ;
|c 24 cm.
|
| 336 |
|
|
|a text
|b txt
|2 rdacontent
|
| 337 |
|
|
|a unmediated
|b n
|2 rdamedia
|
| 338 |
|
|
|a volume
|b nc
|2 rdacarrier
|
| 500 |
|
|
|a Includes index.
|
| 504 |
|
|
|a Bibliography: pages 447-449.
|
| 650 |
|
0 |
|a Corporations
|x Finance
|x Mathematical models.
|
| 700 |
1 |
|
|a Bryant, James W.,
|c Ph. D.
|
| 999 |
|
|
|a MARS
|
| 999 |
f |
f |
|s 17b66d58-d235-3303-9d75-4f8aaa653fc8
|i 0de30003-25b7-35c4-89e0-5b30fa34959e
|t 0
|
| 952 |
f |
f |
|p ric
|a Texas A&M University
|b Rellis Campus
|c Joint Library Facility
|d Remote Storage
|t 0
|e HG4012 .F54
|h Library of Congress classification
|i unmediated -- volume
|m A14806137551
|
| 998 |
f |
f |
|a HG4012 .F54
|t 0
|l Remote Storage
|